00689nam a22002057a 4500003000400000005001700004008004100021020001500062040000900077100002000086245010200106260003300208300001600241500011800257600001900375650002800394650001400422650002800436700001900464OSt20131105174059.0130524s1993 sp ||||| |||| 00| 0 spa d a8440641818 cCDMR1 aRoura, Assumpta13aLuis del Olmob: la radio y yo : veinte años de "Protagonistas"cAssumpta Roura, Luis del Olmo aBarcelonabEdiciones Bc1993 a280 p.bil. aRecull de transcripcions d'entrevistes radiofòniques realitzades per Luis del Olmo al programa "Protagonistas"1 aOlmo, Luis del04aProgrames d'entrevistes04aIntervius04aRadiodifusiózEspanya aOlmo, Luis del